[Event "4 Landerkampf"]
[Site "Schoeneck"]
[Date "1997.06.??"]
[Round "2"]
[White "Schwalfenberg, Joerg"]
[Black "Kersten, Uwe"]
[Result "1-0"]
[WhiteElo "2320"]
[BlackElo "2350"]
[PlyCount "79"]
[EventDate "1997.??.??"]
[Source "www.chesslib.no"]
[SourceDate "2004.05.04"]

1. d4 Nf6 2. Nf3 e6 3. c4 d5 4. Nc3 Be7 5. g3 O-O 6. Bg2 Nbd7 7. O-O c6 8. Qd3 b6 9. cxd5 exd5 10. Bf4 Bb7 11. Rad1 Re8 12. Rfe1 Bf8 13. Ne5 Nh5 14. e4 Nxf4 15. gxf4 Nf6 16. exd5 cxd5 17. a3 Rc8 18. Re3 Rc7 19. Bf3 Rce7 20. Qf1 Qc8 21. Qg2 Qf5 22. Qg5 Qc8 23. f5 h6 24. Qf4 a6 25. Rde1 b5 26. Kh1 Qc7 27. Rg1 Kh7 28. Rge1 Qc8 29. Kg1 Qd8 30. Bg2 Nh5 31. Qh4 Nf6 32. Nxf7 Rxe3 33. Rxe3 Qd7 34. Nxh6 gxh6 35. Qxf6 Rxe3 36. fxe3 Bg7 37. Qg6+ Kh8 38. f6 Bf8 39. f7 Qe7 40. Qg8# 1-0

[Event "San Francisco op-B"]
[Site "San Francisco, CA USA"]
[Date "1995.??.??"]
[Round "4"]
[White "Shipman, Walter"]
[Black "Rey, Guillermo"]
[Result "1/2-1/2"]
[WhiteElo "2310"]
[BlackElo "2355"]
[PlyCount "82"]
[EventDate "1995.??.??"]
[Source "www.chesslib.no"]
[SourceDate "2004.05.04"]

1. d4 e6 2. c4 Nf6 3. g3 d5 4. Nf3 Be7 5. Bg2 c6 6. O-O O-O 7. Nc3 Nbd7 8. Qd3 b6 9. e4 Ba6 10. b3 Rc8 11. Rd1 dxe4 12. Nxe4 b5 13. c5 Nxe4 14. Qxe4 Nxc5 15. Qe1 Nd7 16. b4 Bb7 17. h4 h6 18. a3 Qc7 19. g4 Bd6 20. Bb2 Rfe8 21. g5 hxg5 22. hxg5 Nf8 23. Rac1 Bf4 24. Rc2 Ng6 25. Bf1 Qe7 26. Rc5 Bd6 27. Bd3 Nf4 28. Bb1 Bxc5 29. dxc5 Nh3+ 30. Kg2 Nxg5 31. Qe5 f5 32. Rd6 Nxf3 33. Kxf3 Rc7 34. Rd1 Qf7 35. Rg1 Qh5+ 36. Ke3 Qh6+ 37. Ke2 Rd7 38. Bc3 Red8 39. Bd3 Kf8 40. Rg3 Qh5+ 41. Kd2 Rxd3+ 1/2-1/2

[Event "XXI Open, Cullera ESP"]
[Site "?"]
[Date "2001.??.??"]
[Round "8"]
[White "Castillo Gallego, S."]
[Black "Pilgaard, K."]
[Result "0-1"]
[WhiteElo "2230"]
[BlackElo "2435"]
[PlyCount "54"]
[EventDate "2001.??.??"]
[Source "www.chesslib.no"]
[SourceDate "2004.05.04"]

1. d4 Nf6 2. c4 e6 3. Nf3 d5 4. g3 Be7 5. Bg2 O-O 6. Nc3 Nbd7 7. Qd3 c6 8. O-O b6 9. e4 Ba6 10. b3 b5 11. cxb5 dxe4 12. Nxe4 Bxb5 13. Qc2 Nxe4 14. Qxe4 Bxf1 15. Kxf1 c5 16. Bb2 Rc8 17. Rd1 Nf6 18. Qe2 Qb6 19. Ne5 Rfd8 20. Nc4 Qc7 21. g4 Nd5 22. Be4 Qxh2 23. Qf3 cxd4 24. Ke2 d3+ 25. Kf1 Bf6 26. Bc1 Bc3 27. Bf4 Qh4 0-1

[Event "NOR Team Ch east"]
[Site "Norway"]
[Date "1992.??.??"]
[Round "9"]
[White "Hjelmaas, Lars"]
[Black "Hoen, Ragnar H"]
[Result "0-1"]
[WhiteElo "2300"]
[BlackElo "2340"]
[PlyCount "50"]
[EventDate "1992.??.??"]
[Source "www.chesslib.no"]
[SourceDate "2004.05.04"]

1. d4 Nf6 2. c4 e6 3. g3 d5 4. Bg2 Be7 5. Nf3 O-O 6. Nc3 c6 7. O-O Nbd7 8. Qd3 b6 9. e4 Ba6 10. b3 Rc8 11. Nd2 dxc4 12. bxc4 Ne5 13. Qe3 Nfg4 14. Qe2 Qxd4 15. Bb2 Bxc4 16. Nxc4 Qxc4 17. h3 Nf6 18. Rfd1 Qxe2 19. Nxe2 Nc4 20. Bxf6 Bxf6 21. Rac1 b5 22. Rd7 a5 23. Nd4 Nb6 24. Rd6 Be5 25. Rdxc6 Rxc6 0-1

[Event "BL2-W 9495"]
[Site "GER"]
[Date "1995.??.??"]
[Round "?"]
[White "Gross, Georg"]
[Black "Von Gleich, Alexander"]
[Result "1/2-1/2"]
[WhiteElo "2305"]
[BlackElo "2315"]
[PlyCount "84"]
[EventDate "1994.10.??"]
[Source "www.chesslib.no"]
[SourceDate "2004.05.04"]

1. d4 Nf6 2. Nf3 e6 3. g3 d5 4. Bg2 Be7 5. O-O O-O 6. c4 Nbd7 7. Nc3 c6 8. Qd3 b6 9. e4 Ba6 10. b3 dxe4 11. Nxe4 b5 12. Nxf6+ Bxf6 13. Ba3 bxc4 14. bxc4 c5 15. Rac1 Rc8 16. Rfd1 Qa5 17. Qe3 Rfe8 18. dxc5 Nxc5 19. Nd4 Bxd4 20. Rxd4 Qc7 21. Rcd1 Bb7 22. Bxb7 Qxb7 23. Rd6 Ne4 24. Rd7 Qc6 25. Qf3 Nf6 26. Qxc6 Rxc6 27. Rd8 Rc8 28. Rxe8+ Nxe8 29. Rd7 f6 30. Re7 e5 31. c5 Nc7 32. Rd7 a5 33. Bc1 Ne6 34. Be3 Nxc5 35. Ra7 a4 36. Bxc5 Rxc5 37. Rxa4 Rc2 38. Ra7 h6 39. g4 Kh7 40. Kg2 e4 41. Ra3 e3 42. Rxe3 Rxa2 1/2-1/2

[Event "Pardubice Open"]
[Site "Pardubice CZE"]
[Date "1993.??.??"]
[Round "5"]
[White "Terzic, Safet"]
[Black "Gasthofer, Viktor"]
[Result "1-0"]
[WhiteElo "2360"]
[BlackElo "2250"]
[PlyCount "91"]
[EventDate "1993.07.??"]
[Source "www.chesslib.no"]
[SourceDate "2004.05.04"]

1. d4 e6 2. c4 d5 3. Nc3 Nf6 4. Nf3 Be7 5. g3 O-O 6. Bg2 c6 7. O-O Nbd7 8. Qd3 b6 9. e4 Bb7 10. Re1 Rc8 11. Bg5 dxe4 12. Nxe4 Nxe4 13. Bxe7 Qxe7 14. Qxe4 Nf6 15. Qc2 Rfd8 16. Rad1 Qc7 17. c5 bxc5 18. dxc5 Qa5 19. b4 Qc7 20. Ne5 Rxd1 21. Qxd1 a5 22. a3 axb4 23. axb4 Nd5 24. Bh3 Re8 25. Qa4 Ra8 26. Qb3 Bc8 27. b5 cxb5 28. Qxb5 Ba6 29. Ra1 Qxe5 30. Rxa6 Rb8 31. Qf1 Qc3 32. Qb5 Qe5 33. Qc4 g6 34. c6 Rb2 35. Bf1 Kg7 36. Ra3 Rb1 37. Ra2 h5 38. Re2 Qa1 39. Rc2 Rb4 40. Qd3 Rd4 41. Qe2 Ne7 42. Qe5+ Kg8 43. c7 Nc8 44. Rd2 Qxf1+ 45. Kxf1 Rxd2 46. Qf6 1-0

[Event "Foment Open"]
[Site "Barcelona ESP"]
[Date "1992.??.??"]
[Round "?"]
[White "Glavina Rossi, Pablo"]
[Black "Borrellas Comellas, Josep"]
[Result "1-0"]
[WhiteElo "2430"]
[BlackElo "2180"]
[PlyCount "77"]
[EventDate "1992.??.??"]
[Source "www.chesslib.no"]
[SourceDate "2004.05.04"]

1. d4 d5 2. c4 e6 3. Nf3 Nf6 4. g3 Be7 5. Bg2 O-O 6. O-O c6 7. Nc3 Nbd7 8. Qd3 b6 9. e4 dxe4 10. Nxe4 Nxe4 11. Qxe4 Bb7 12. Rd1 Nf6 13. Qe2 h6 14. Bf4 Bd6 15. Ne5 Rc8 16. Rac1 Qe7 17. a3 a5 18. Rc2 c5 19. Ng6 fxg6 20. Bxd6 Qxd6 21. Bxb7 Rce8 22. dxc5 Qxc5 23. Rcd2 e5 24. Rd6 e4 25. Bd5+ Kh8 26. Rc6 Qe7 27. Rxb6 Qe5 28. Rb5 Qc7 29. Rb7 Qc5 30. b4 axb4 31. axb4 Qc8 32. Rf7 Ng4 33. h3 Rxf7 34. Bxf7 Ne5 35. Bxe8 Qxh3 36. Bxg6 Nxg6 37. Qxe4 Qh5 38. Rd8+ Kh7 39. Rd6 1-0